Katolicizmus a jeho súčasné tendencie

Bibliographic Details
Other Authors: Novotný, Čenek (Editor)
Format: Book
Language:Slovak
PhysicalDescription:75 s. 21 cm
Published: Bratislava Minist. školstva SSR 1988
Edition:1. vyd.
Series:Vedecký a ateizmus
Subjects:

MARC

LEADER 00000cam a2200000 a 4500
001 vtls001121347
003 SK-MaSNL
005 20260301183008.0
008 251029s1988 xo n 000 0 slo
015 |a SNBA1988/07 
035 |a SNK000064190 
035 |a urn:nbn:sk:snk-amjbbr 
035 |a urn:nbn:sk:snk-am00286q 
035 |a F713994F-BE4B-4A78-B895-EF0FDEECCC86 
040 |a SNK  |b slo  |c SNK  |e AACR2 
041 0 |a slo 
044 |a xo  |c SK 
080 |a 282  |2 1981 
245 0 0 |a Katolicizmus a jeho súčasné tendencie  |c ved. edície Čenek Novotný 
250 |a 1. vyd. 
260 |a Bratislava  |b Minist. školstva SSR  |c 1988  |e Bratislava  |f Edičné stredisko VŠE 
300 |a 75 s.  |c 21 cm 
366 |e 600 výt. 
490 1 |a Vedecký a ateizmus  |v zv. 5 
500 |a Rozmn. 
504 |a Bibliogr. odkazy ; pozn. 
521 |a Pre potreby vysokých škôl 
650 0 7 |a katolicizmus  |2 SNKPH  |9 4024 
650 0 7 |a tendencie  |2 SNKPH  |9 557654 
650 0 7 |a súčasnosť  |2 SNKPH  |9 449161 
655 7 |a monografie  |2 SNKPH  |9 70139 
700 1 |a Novotný, Čenek  |4 edt  |9 557655 
830 0 |a Vedecký a ateizmus  |9 557656 
958 |a EUIPO 
958 |a OND 
958 |a NT 
958 |a NB 
999 |c 855490  |d 857420 
952 |a SNK  |b SNK  |y VYP  |7 0  |p 17A1138353  |o snkSC 71677 D1  |i snkKSP 4427/88  |0 0  |1 0  |4 0  |d 2015-03-04  |f 1  |l 0  |r 2026-02-24 04:55:06  |w 2026-02-24